Standard handbook for electrical engineers (Record no. 61078)
[ view plain ]
| 000 -LEADER | |
|---|---|
| fixed length control field | 00678nam a22001937a 4500 |
| 003 - CONTROL NUMBER IDENTIFIER | |
| control field | NUST-PNEC |
| 005 - DATE AND TIME OF LATEST TRANSACTION | |
| control field | 20170116180713.0 |
| 008 - FIXED-LENGTH DATA ELEMENTS--GENERAL INFORMATION | |
| fixed length control field | 141016b xxu||||| |||| 00| 0 eng d |
| 020 ## - INTERNATIONAL STANDARD BOOK NUMBER | |
| International Standard Book Number | 0070220050 |
| 040 ## - CATALOGING SOURCE | |
| Transcribing agency | PNEC |
| 082 ## - DEWEY DECIMAL CLASSIFICATION NUMBER | |
| Classification number | 621.302 FIN |
| 100 ## - MAIN ENTRY--PERSONAL NAME | |
| 9 (RLIN) | 640 |
| Personal name | Fink Donald G |
| 245 ## - TITLE STATEMENT | |
| Title | Standard handbook for electrical engineers |
| Remainder of title | Donald G Fink; H Wayne Beaty |
| 260 ## - PUBLICATION, DISTRIBUTION, ETC. | |
| Place of publication, distribution, etc. | New York : |
| Name of publisher, distributor, etc. | McGraw-Hill, |
| Date of publication, distribution, etc. | c. 2000 |
| 300 ## - PHYSICAL DESCRIPTION | |
| Extent | 1 v. (various pagings) : |
| Other physical details | ill. ; |
| Dimensions | 24 cm. |
| 500 ## - GENERAL NOTE | |
| General note | http://www.amazon.com/Standard-Handbook-Electrical-Engineers-Donald/dp/0070220050/ref=sr_1_1?s=books&ie=UTF8&qid=1413439370&sr=1-1&keywords=0070220050 |
| 650 ## - SUBJECT ADDED ENTRY--TOPICAL TERM | |
| General subdivision | EE |
| 942 ## - ADDED ENTRY ELEMENTS (KOHA) | |
| Source of classification or shelving scheme | |
| Koha item type | Book |
| Withdrawn status | Lost status | Source of classification or shelving scheme | Damaged status | Not for loan | Permanent Location | Current Location | Shelving location | Date acquired | Source of acquisition | Cost, normal purchase price | Total Checkouts | Full call number | Barcode | Date last seen | Cost, replacement price | Price effective from | Koha item type |
|---|---|---|---|---|---|---|---|---|---|---|---|---|---|---|---|---|---|
| Pakistan Navy Engineering College (PNEC) | Pakistan Navy Engineering College (PNEC) | Reference | 05/13/2003 | Paramount Publishing Enterprise | 19452.00 | 621.302 FIN | PNECLIB-025990 | 10/16/2014 | 19452.00 | 05/13/2003 | Book |
